01234cam a2200277 a 45000010008000000030008000080050017000160080041000330100017000740200029000910400027001200500022001470820013001692450232001822600032004143000026004464400030004725040028005026500037005307000023005679060045005909420012006359990019006479520145006669520145008111494727BD-DhUL20161215140614.0881109s1989 nyu b 000 0 eng  a 88038984  a0824061314 (alk. paper)  aDLCcDLCdDLCdBD-DhUL00aHF5631b.A26 198900a657bSHA00aAccounting literature in the United States before Mitchell and Jones (1796) :bcontributions by four English authors, through American editions, and two pioneer local authors /cedited with an introduction by Terry K. Sheldahl. aNew York :bGarland,c1989. axii, 510 p. ;c27 cm. 0aFoundations of accounting aBibliography: p. 28-33. 0aAccountingxEarly works to 1800.1 aSheldahl, Terry K. a7bcbccorignewd1eocipf19gy-gencatlg 2ddccBK c136075d136075 00102ddc406657_000000000000000_SHA708NFIC9255615aDULbDULcGENd1990-03-22ePurchasedo657 SHAp330255r2016-12-15t1w2016-12-15yBK 00102ddc406657_000000000000000_SHA708NFIC9255618aDULbDULcGENd1990-03-22ePurchasedo657 SHAp330256r2016-12-15t2w2016-12-15yBK